LEADER 01160cam0-22003491i-450- 001 990005346350403321 005 20111111124917.0 035 $a000534635 035 $aFED01000534635 035 $a(Aleph)000534635FED01 035 $a000534635 100 $a19990604d1944----km-y0itay50------ba 101 0 $aita 102 $aIT 105 $ay-------001yy 200 1 $aDell'arte di vedere nelle belle arti del disegno secondo i principi di Sulzer e di Mengs$fFrancesco Milizia$ga cura di Giulio Natali 205 $a2. ed. 210 $aPistoia ; Roma$cTariffi$dstampa 1944 215 $a169 p.$d20 cm 225 1 $aSettecento italiano$v1$eCollana di testi settecenteschi 451 0$1001000541056 610 0 $aCritica artistica$aItalia 676 $a701.17$v21$zita 700 1$aMilizia,$bFrancesco$f<1725-1798>$04158 702 1$aNatali,$bGiulio$f<1875-1965> 801 0$aIT$bUNINA$gRICA$2UNIMARC 901 $aBK 912 $a990005346350403321 952 $a701.17 MIL 1$bARCH. 14341$fFLFBC 959 $aFLFBC 996 $aDell'arte di vedere nelle belle arti del disegno secondo i principi di Sulzer e di Mengs$9598793 997 $aUNINA LEADER 01577nam0 2200325 450 001 000027608 005 20100304105118.0 100 $a20100304d18361841km-y0itaa50------ba 101 0 $agrc$alat 102 $aDE 200 1 $aLucianus$fex recensione Caroli Iacobitz$gaccedunt scholia auctiora et emendatiora 210 $aLipsiae$c<> koekler$d1836-1841 215 $a4 v.$d22 cm. 327 1 $a1: 1836. - XLII, 546 p.$a2: 1838. - 512 p.$a3: 1839. - IV, 644 p.$a4: 1841. - XII, 744 p. 676 $a888.0108$v(21. ed.)$9Miscellanea greca. Periodo antico, fino al 499 ca. Letteraura in prosa 700 0$aLucianus$0159729 702 1$aIacobitz,$bKarl 801 0$aIT$bUniversità della Basilicata - B.I.A.$gRICA$2unimarc 912 $a000027608 996 $aLucianus$994699 997 $aUNIBAS BAS $aLETTERE CAT $aMDL$b30$c20100304$lBAS01$h1051 CAT $aBATCH$b00$c20180801$lBAS01$h1239 FMT Z30 -1$lBAS01$LBAS01$mBOOK$1BASA1$APolo Storico-Umanistico$2DSLF$BCollezione DiSLF$3DF/5590/1$65590/1$5F5590/1$820100304$f98$FConsultazione$hVol. 1 Z30 -1$lBAS01$LBAS01$mBOOK$1BASA1$APolo Storico-Umanistico$2DSLF$BCollezione DiSLF$3DF/5590/2$65590/2$5F5590/2$820100304$f98$FConsultazione$hVol. 2 Z30 -1$lBAS01$LBAS01$mBOOK$1BASA1$APolo Storico-Umanistico$2DSLF$BCollezione DiSLF$3DF/5590/3$65590/3$5F5590/3$820100304$f98$FConsultazione$hVol. 3 Z30 -1$lBAS01$LBAS01$mBOOK$1BASA1$APolo Storico-Umanistico$2DSLF$BCollezione DiSLF$3DF/5590/4$65590/4$5F5590/4$820100304$f98$FConsultazione$hVol. 4 all $aall $n0009519